It looks like you're offline.
Open Library logo
additional options menu

MARC Record from Scriblio

Record ID marc_records_scriblio_net/part16.dat:147452095:885
Source Scriblio
Download Link /show-records/marc_records_scriblio_net/part16.dat:147452095:885?format=raw

LEADER: 00885nam 2200277 a 4500
001 83129252
003 DLC
005 19830429000000.0
008 830419s1981 nyua b 00110 eng
010 $a 83129252
020 $a0064385302
020 $a006430096X (pbk.)
041 1 $aengfre
050 0 $aND1390$b.S713 1981
082 0 $a758/.4/09$219
100 10 $aSterling, Charles,$d1901-
240 10 $aNature morte de l'antiquité à nos jours.$lEnglish
245 10 $aStill life painting :$bfrom antiquity to the twentieth century /$cCharles Sterling.
250 $a2nd rev. ed.
260 0 $aNew York :$bHarper & Row,$cc1981.
300 $a325 p. :$bill. ;$c27 cm.
490 0 $aIcon editions
500 $aTranslation of: La nature morte de l'antiquité à nos jours.
504 $aBibliography: p. 305-315.
500 $aIncludes index.
650 0 $aStill-life painting$xHistory.